[Event "DEM U18 2010"]
[Site "Oberhof GER"]
[Date "2010.05.23"]
[Round "2"]
[White "Müller, Denis"]
[Black "Schneider, Jens"]
[Result "1/2-1/2"]
[Termination "normal"]
[Board "14"]
[WhiteElo "1917"]
[BlackElo "1980"]
[PlyCount "89"]
[WhiteFideId "4696140"]
[BlackFideId "24685771"]
[EventCountry "GER"]
[EventRounds "9"]
[EventType "swiss"]
[EventDate "2010.05.22"]

1. e4 c5 2. Nf3 a6 3. c3 d5 4. exd5 Qxd5 5. d4 Nf6 6. Be2 e6 7. O-O Be7 8. Be3
cxd4 9. cxd4 O-O 10. Nc3 Qd8 11. Ne5 Nbd7 12. Bf3 Nb6 13. Rc1 Nbd5 14. Bg5 Rb8
15. Qb3 Nxc3 16. Nc6 bxc6 17. Qxb8 Nxa2 18. Bxf6 gxf6 19. Rxc6 Nb4 20. Qg3+ Kh8
21. Rc3 Nd5 22. Bxd5 Qxd5 23. Qh4 Rg8 24. f3 Rd8 25. Rc7 Bd7 26. Rfc1 Qg5 27.
Qxg5 fxg5 28. Ra7 Bf6 29. Rd1 Bb5 30. Rxf7 Bxd4+ 31. Kh1 e5 32. Rf5 Rc8 33.
Rxg5 Bxb2 34. h4 a5 35. f4 a4 36. fxe5 a3 37. e6 Ba4 38. Rf1 a2 39. Ra5 Rc4 40.
Kh2 a1=Q 41. Rxa1 Bxa1 42. e7 Rxh4+ 43. Kg3 Re4 44. e8=Q+ Bxe8 45. Rxa1 1/2-1/2

[Event "DEM U18 2010"]
[Site "Oberhof GER"]
[Date "2010.05.24"]
[Round "3"]
[White "Jorczik, Julian"]
[Black "Kugler, Florian"]
[Result "1-0"]
[Termination "normal"]
[Board "1"]
[WhiteTitle "FM"]
[WhiteElo "2357"]
[BlackElo "2104"]
[PlyCount "97"]
[WhiteFideId "24611719"]
[BlackFideId "4633300"]
[EventCountry "GER"]
[EventRounds "9"]
[EventType "swiss"]
[EventDate "2010.05.22"]

1. Nf3 Nf6 2. c4 g6 3. Nc3 d5 4. cxd5 Nxd5 5. Qa4+ Nc6 6. Ne5 Nxc3 7. bxc3 Bg7
8. Nxc6 Qd7 9. e3 bxc6 10. Be2 Rb8 11. Ba3 O-O 12. d4 Re8 13. O-O e5 14. Qxa7
Bb7 15. Qa4 Ra8 16. Qb3 Ba6 17. Bxa6 Rxa6 18. Bc5 Ra5 19. Bb4 Raa8 20. a4 Reb8
21. Qa3 Rb6 22. a5 Rba6 23. Rfd1 Qg4 24. Qa2 exd4 25. exd4 Bf8 26. Qc4 Bd6 27.
Qd3 Qh5 28. g3 Kg7 29. Re1 Qh3 30. Qf3 Qd7 31. Qd3 Qh3 32. Ra2 Qh5 33. Rae2 Kf8
34. Re5 Qh6 35. Qf3 Kg7 36. Bxd6 cxd6 37. Re7 Rf8 38. Rd7 Rxa5 39. Rxd6 Rf5 40.
Qxf5 gxf5 41. Rxh6 Kxh6 42. Re5 Rd8 43. Rxf5 Kg6 44. g4 Rd6 45. Kg2 Re6 46. h4
f6 47. h5+ Kg7 48. Kf3 h6 49. Ra5 1-0

[Event "DEM U18 2010"]
[Site "Oberhof GER"]
[Date "2010.05.24"]
[Round "3"]
[White "Geske, Julian"]
[Black "Hobusch, Alexander"]
[Result "1/2-1/2"]
[Termination "normal"]
[Board "2"]
[WhiteElo "2311"]
[BlackElo "2132"]
[PlyCount "78"]
[WhiteFideId "24605263"]
[BlackFideId "24611387"]
[EventCountry "GER"]
[EventRounds "9"]
[EventType "swiss"]
[EventDate "2010.05.22"]

1. e4 e6 2. d4 d5 3. Nd2 a6 4. Ngf3 Nf6 5. Bd3 c5 6. c3 Nc6 7. O-O cxd4 8. cxd4
dxe4 9. Nxe4 Be7 10. Re1 O-O 11. Bg5 Nxd4 12. Bxf6 Nxf3+ 13. Qxf3 Bxf6 14.
Nxf6+ Qxf6 15. Qxf6 gxf6 16. Be4 Ra7 17. Rac1 b5 18. Red1 f5 19. Bf3 e5 20. g3
Be6 21. Bd5 Rd8 22. Bxe6 Rxd1+ 23. Rxd1 fxe6 24. Rd6 Kf7 25. Rb6 e4 26. b3 Kf6
27. Kf1 Ke5 28. a4 bxa4 29. bxa4 a5 30. Ke2 Rd7 31. Ra6 Rd5 32. Rc6 Kf6 33. Rc4
Rd3 34. Rc5 Rd5 35. Rc4 h6 36. h3 Rd3 37. Rc5 Rd5 38. Rc4 Kg5 39. Rc6 Kf6
1/2-1/2

[Event "DEM U18 2010"]
[Site "Oberhof GER"]
[Date "2010.05.24"]
[Round "3"]
[White "Yakovenko, Oleg"]
[Black "Kachibadze, Georg"]
[Result "0-1"]
[Termination "normal"]
[Board "3"]
[WhiteElo "2015"]
[BlackElo "2240"]
[PlyCount "174"]
[WhiteFideId "4696000"]
[BlackFideId "24640794"]
[EventCountry "GER"]
[EventRounds "9"]
[EventType "swiss"]
[EventDate "2010.05.22"]

1. d4 Nf6 2. Nf3 e6 3. c4 Bb4+ 4. Nbd2 O-O 5. g3 b6 6. Bg2 Bb7 7. O-O Bxd2 8.
Qxd2 d6 9. b3 Nbd7 10. Bb2 Be4 11. Rad1 Qe7 12. Nh4 Bxg2 13. Nxg2 a5 14. Qc2 a4
15. e4 axb3 16. axb3 Ra2 17. Ra1 Rfa8 18. Rxa2 Rxa2 19. Qb1 Ra8 20. Ne3 e5 21.
Nf5 Qf8 22. Re1 g6 23. Ne3 Qh6 24. Kg2 Re8 25. f3 Ra8 26. d5 Qf8 27. Bc3 Ra6
28. Re2 Qa8 29. b4 Ra3 30. Qb2 Qa4 31. Rc2 Rb3 32. Qc1 Nb8 33. Qd2 Na6 34. Ra2
Ra3 35. Rxa3 Qxa3 36. Kf2 h5 37. h3 h4 38. g4 Nh7 39. Kg2 Ng5 40. Qe1 Qa2+ 41.
Qd2 Qb3 42. Qe1 f6 43. Qd2 Kf7 44. Qc2 Qa3 45. Qd2 Ke7 46. Nc2 Qb3 47. Ne3 Kd7
48. Qc2 Qa3 49. Qd2 Kc8 50. Nc2 Qb3 51. Ne3 Kb7 52. Qe1 Qa2+ 53. Qd2 Qa4 54.
Qe1 Qa2+ 55. Qd2 Qb3 56. Qc2 Qa3 57. Qd2 Nh7 58. Kh2 Nf8 59. Nc2 Qb3 60. Ne3 g5
61. Qc2 Qa3 62. Qd2 Ng6 63. Nc2 Qb3 64. Ne3 Nf4 65. Qc2 Qa3 66. Qd2 Kb8 67. Nc2
Qb3 68. Ne3 Ne2 69. Qxe2 Qxc3 70. b5 Nc5 71. Nf5 Qb3 72. Ne7 Nd3 73. Nc6+ Kc8
74. Qf1 Nf4 75. Kh1 Kd7 76. Kg1 Qe3+ 77. Kh2 Qd2+ 78. Kh1 Ne2 79. Qg2 Ng3+ 80.
Kh2 Qf4 81. Nb8+ Ke8 82. Nc6 Nxe4+ 83. Kg1 Nd2 84. Kh1 Nxf3 85. Qc2 e4 86. c5
Qe3 87. Qb1 Qe2 0-1

[Event "DEM U18 2010"]
[Site "Oberhof GER"]
[Date "2010.05.24"]
[Round "3"]
[White "Kartsev, Alexandr"]
[Black "Grünter, Martin"]
[Result "1-0"]
[Termination "normal"]
[Board "4"]
[WhiteElo "2082"]
[BlackElo "2185"]
[PlyCount "79"]
[WhiteFideId "24647110"]
[BlackFideId "24640352"]
[EventCountry "GER"]
[EventRounds "9"]
[EventType "swiss"]
[EventDate "2010.05.22"]

1. e4 c5 2. c3 Nf6 3. e5 Nd5 4. d4 cxd4 5. Nf3 e6 6. cxd4 b6 7. Bc4 Bb7 8. O-O
Qc7 9. Qe2 d6 10. Nc3 Nxc3 11. bxc3 Be7 12. exd6 Qxd6 13. Ne5 O-O 14. Bf4 Bf6
15. Ng6 Qc6 16. d5 exd5 17. Bb5 Qe6 18. Nxf8 Qxe2 19. Bxe2 Kxf8 20. Rac1 Nd7
21. Bf3 Be5 22. Be3 b5 23. Rfd1 Nf6 24. Bc5+ Kg8 25. Bd4 Bxd4 26. cxd4 a6 27.
Rc7 Bc8 28. Rdc1 Be6 29. h3 Kf8 30. R1c6 Ne4 31. Rb6 Nd2 32. Bg4 Nc4 33. Rbb7
f5 34. Bf3 Nd2 35. Rxg7 Nxf3+ 36. gxf3 Bg8 37. Rgc7 Re8 38. Ra7 Re1+ 39. Kg2
Re6 40. Rc8+ 1-0

[Event "DEM U18 2010"]
[Site "Oberhof GER"]
[Date "2010.05.24"]
[Round "3"]
[White "Tkachuk, Konstantyn"]
[Black "Strunski, Andreas"]
[Result "0-1"]
[Termination "normal"]
[Board "6"]
[BlackTitle "FM"]
[WhiteElo "2176"]
[BlackElo "2378"]
[PlyCount "86"]
[WhiteFideId "24647330"]
[BlackFideId "24606073"]
[EventCountry "GER"]
[EventRounds "9"]
[EventType "swiss"]
[EventDate "2010.05.22"]

1. e4 c5 2. Nf3 a6 3. d4 cxd4 4. Nxd4 Nf6 5. Nc3 e5 6. Nf3 Nc6 7. Bc4 h6 8. O-O
Bc5 9. Qe2 O-O 10. Nd5 d6 11. c3 b5 12. Nxf6+ Qxf6 13. Bd5 Bd7 14. Be3 Bxe3 15.
fxe3 Rab8 16. Bxc6 Bxc6 17. Nd4 Qxf1+ 18. Rxf1 exd4 19. exd4 Rfe8 20. Qf2 Bxe4
21. Qxf7+ Kh8 22. Qc7 b4 23. Qxd6 bxc3 24. bxc3 Bd3 25. Rd1 Rb2 26. Qg3 Bc2 27.
Qf2 Reb8 28. Rc1 Be4 29. Qf4 Bc6 30. c4 Rxg2+ 31. Kf1 Rbb2 32. Qf8+ Kh7 33.
Qf5+ Kh8 34. d5 Bd7 35. Qf8+ Kh7 36. Qf3 Rg5 37. Qd3+ Bf5 38. Qa3 Rxh2 39. Qe3
Bh3+ 40. Ke1 Rf5 41. Qe4 Kg8 42. Qe6+ Rf7 43. Qe8+ Rf8 0-1

[Event "DEM U18 2010"]
[Site "Oberhof GER"]
[Date "2010.05.24"]
[Round "3"]
[White "Kyas, Marcel"]
[Black "Graf, Felix"]
[Result "1/2-1/2"]
[Termination "normal"]
[Board "7"]
[WhiteElo "2120"]
[BlackElo "2300"]
[PlyCount "161"]
[WhiteFideId "24642037"]
[BlackFideId "24608904"]
[EventCountry "GER"]
[EventRounds "9"]
[EventType "swiss"]
[EventDate "2010.05.22"]

1. d4 d5 2. c4 e6 3. Nf3 Nf6 4. g3 a6 5. Qc2 dxc4 6. Qxc4 b5 7. Qc2 Bb7 8. Bg2
Nbd7 9. O-O c5 10. dxc5 Bxc5 11. Rd1 Rc8 12. Qd3 Be4 13. Qd2 Bxb1 14. Rxb1
Bxf2+ 15. Kf1 Ba7 16. Qd6 Qb6 17. Qxb6 Bxb6 18. Nd4 Rc4 19. e3 O-O 20. b3 Rc3
21. Ke2 Rfc8 22. Bb7 Rb8 23. Bg2 Bxd4 24. Rxd4 Rc2+ 25. Rd2 Rbc8 26. Kd1 Rxd2+
27. Bxd2 Nd5 28. Rc1 Rxc1+ 29. Kxc1 f6 30. Kb2 Nb8 31. e4 Ne7 32. a4 bxa4 33.
b4 Kf7 34. Ka3 Nec6 35. Kxa4 Ke7 36. Kb3 Kd6 37. Bf4+ e5 38. Be3 Nd4+ 39. Kc3
Nb5+ 40. Kc4 Kc6 41. h4 Nd6+ 42. Kb3 Nd7 43. g4 Kc7 44. Bf3 Nb6 45. Bc5 Nbc4
46. Kc3 Na3 47. Bg2 Nab5+ 48. Kd3 Kc6 49. Be3 Nb7 50. g5 fxg5 51. hxg5 N7d6 52.
Bh3 Nc7 53. Bc5 h6 54. gxh6 gxh6 55. Bg4 Nce8 56. Bf3 Nf6 57. Be3 Nf7 58. Kc4
Ng5 59. Bg2 Ng4 60. Bd2 Ne6 61. Bf3 h5 62. Bc3 Kd6 63. Kd3 Ng5 64. Be2 Nf2+ 65.
Ke3 Nfxe4 66. Be1 Nf6 67. Bxa6 Nd5+ 68. Kf2 e4 69. Be2 h4 70. Bd2 Ne6 71. Bg4
Nef4 72. b5 Ke5 73. b6 Nd3+ 74. Ke2 Nxb6 75. Bg5 Nf4+ 76. Kf2 Nc4 77. Bxh4 Nd3+
78. Ke2 Kf4 79. Be6 Nce5 80. Bd5 e3 81. Bg5+ 1/2-1/2

[Event "DEM U18 2010"]
[Site "Oberhof GER"]
[Date "2010.05.24"]
[Round "3"]
[White "Hirneise, Jens"]
[Black "Krassowizkij, Jaroslaw"]
[Result "1-0"]
[Termination "normal"]
[Board "8"]
[WhiteTitle "FM"]
[WhiteElo "2294"]
[BlackElo "2244"]
[PlyCount "59"]
[WhiteFideId "24614734"]
[BlackFideId "1271703"]
[EventCountry "GER"]
[EventRounds "9"]
[EventType "swiss"]
[EventDate "2010.05.22"]

1. e4 e6 2. d4 d5 3. Nc3 Nf6 4. Bg5 dxe4 5. Nxe4 Nbd7 6. Nf3 Be7 7. Ng3 c5 8.
c3 h6 9. Be3 O-O 10. Bd3 cxd4 11. Bxd4 Bd6 12. Bc2 Qc7 13. Qe2 Nd5 14. O-O e5
15. Be3 Nxe3 16. fxe3 g6 17. Rad1 Nc5 18. b4 Ne6 19. Ne4 Be7 20. Qb5 f5 21. Ng3
Qxc3 22. Bb3 Qxe3+ 23. Kh1 a6 24. Qa5 e4 25. Nd4 Rf6 26. Ngxf5 gxf5 27. Nxf5
Qg5 28. Nxe7+ Kf7 29. Nd5 Rxf1+ 30. Rxf1+ 1-0

[Event "DEM U18 2010"]
[Site "Oberhof GER"]
[Date "2010.05.24"]
[Round "3"]
[White "Zhou, Syang"]
[Black "Jussupow, Alexander"]
[Result "1/2-1/2"]
[Termination "normal"]
[Board "9"]
[WhiteElo "2206"]
[BlackElo "2112"]
[PlyCount "136"]
[WhiteFideId "24636126"]
[BlackFideId "24613509"]
[EventCountry "GER"]
[EventRounds "9"]
[EventType "swiss"]
[EventDate "2010.05.22"]

1. e4 g6 2. d4 Bg7 3. Nc3 d6 4. f4 a6 5. a4 Nc6 6. Be3 Nf6 7. d5 Nb4 8. Nf3 e6
9. dxe6 Bxe6 10. Be2 O-O 11. Nd4 Bd7 12. Bf3 c5 13. Nb3 Bc6 14. O-O Re8 15. Nd2
b6 16. Bf2 Qc7 17. Nc4 Rad8 18. Nd5 Nbxd5 19. exd5 Bd7 20. Re1 Bf5 21. Ne3 Be4
22. Bh4 c4 23. c3 Qc5 24. Bf2 Bxf3 25. Qxf3 Ne4 26. f5 Nxf2 27. Qxf2 Re4 28.
fxg6 fxg6 29. Nc2 Qxd5 30. Qxb6 Rf8 31. Red1 Qf5 32. Rf1 Rf4 33. Rxf4 Qxf4 34.
Qe3 Qf7 35. Re1 Be5 36. Qe2 Kg7 37. g3 Qd5 38. Ne3 Qc5 39. Qxc4 Qb6 40. Re2 Rf3
41. Qe4 Rf7 42. Kg2 Qb3 43. Qc4 Qb7+ 44. Qd5 Qd7 45. Nc4 Qf5 46. Ne3 Qb1 47.
Nd1 h5 48. Nf2 Qf5 49. Qd3 Qc8 50. Qe4 Rf5 51. Nd3 Qd7 52. Rf2 Rxf2+ 53. Kxf2
Qf7+ 54. Kg2 Qb3 55. Nxe5 Qxb2+ 56. Kh3 dxe5 57. Qxe5+ Kh7 58. Qe7+ Kh6 59.
Qe3+ Kh7 60. Qa7+ Kh6 61. Qe3+ Kh7 62. Qe7+ Kh6 63. Qf6 Qe2 64. Qf4+ Kh7 65. c4
Qe6+ 66. Kg2 Qe2+ 67. Kg1 Qd1+ 68. Qf1 Qxa4 1/2-1/2

[Event "DEM U18 2010"]
[Site "Oberhof GER"]
[Date "2010.05.24"]
[Round "3"]
[White "Borgmeyer, Max"]
[Black "Nuber, Blasius"]
[Result "1/2-1/2"]
[Termination "normal"]
[Board "10"]
[WhiteElo "2053"]
[BlackElo "2199"]
[PlyCount "95"]
[WhiteFideId "24615870"]
[BlackFideId "24620289"]
[EventCountry "GER"]
[EventRounds "9"]
[EventType "swiss"]
[EventDate "2010.05.22"]

1. e4 e5 2. Nf3 Nc6 3. d4 exd4 4. Nxd4 Nf6 5. Nxc6 bxc6 6. e5 Qe7 7. Qe2 Nd5 8.
c4 Ba6 9. Qe4 Nb6 10. Nc3 Qe6 11. b3 Bb4 12. Bb2 d5 13. cxd5 Bxc3+ 14. Bxc3
cxd5 15. Qb4 Bxf1 16. Rxf1 a5 17. Qb5+ Nd7 18. f4 O-O 19. O-O-O c6 20. Qe2 f5
21. g4 Nc5 22. gxf5 Rxf5 23. Kb1 Ne4 24. Rc1 a4 25. b4 Qe7 26. Be1 c5 27. bxc5
Rb8+ 28. Ka1 Rxf4 29. Rxf4 Qxe5+ 30. Bc3 Qxf4 31. Bb2 Qd2 32. Qxd2 Nxd2 33. Rd1
Nc4 34. Bc3 Ne3 35. Rc1 Rc8 36. Bd4 Nf5 37. Bf2 Rc6 38. Kb2 Kf7 39. Ka3 Ke6 40.
Kxa4 d4 41. Kb5 Kd5 42. Bg1 Nd6+ 43. Kb4 Rc8 44. Bxd4 Rb8+ 45. Ka4 Nc4 46. Bg1
Nb2+ 47. Ka5 Nc4+ 48. Ka4 1/2-1/2

[Event "DEM U18 2010"]
[Site "Oberhof GER"]
[Date "2010.05.24"]
[Round "3"]
[White "Schneider, Jens"]
[Black "Müller, Philipp"]
[Result "0-1"]
[Termination "normal"]
[Board "11"]
[WhiteElo "1980"]
[BlackElo "1911"]
[PlyCount "60"]
[WhiteFideId "24685771"]
[BlackFideId "24683701"]
[EventCountry "GER"]
[EventRounds "9"]
[EventType "swiss"]
[EventDate "2010.05.22"]

1. Nc3 d5 2. e4 e6 3. g3 Nf6 4. Bg2 c5 5. d3 Be7 6. Nge2 O-O 7. O-O Nc6 8. f3
Bd7 9. Nf4 d4 10. Nce2 Ne5 11. Nh3 Bc6 12. Nf2 Rc8 13. h3 Qd7 14. f4 Ng6 15. h4
Bd8 16. Bh3 c4 17. f5 Ne5 18. Nf4 Re8 19. g4 exf5 20. gxf5 cxd3 21. cxd3 Ba4
22. b3 Bb5 23. Kh1 Qc6 24. Bb2 Nxd3 25. N2xd3 Nxe4 26. Rf3 Bxd3 27. Nxd3 Nd2
28. Bg2 Nxf3 29. Rc1 Qh6 30. Rxc8 Qxh4+ 0-1

[Event "DEM U18 2010"]
[Site "Oberhof GER"]
[Date "2010.05.24"]
[Round "3"]
[White "Schmitt, Philipp"]
[Black "Müller, Denis"]
[Result "1-0"]
[Termination "normal"]
[Board "12"]
[WhiteElo "2097"]
[BlackElo "1917"]
[PlyCount "79"]
[WhiteFideId "24641766"]
[BlackFideId "4696140"]
[EventCountry "GER"]
[EventRounds "9"]
[EventType "swiss"]
[EventDate "2010.05.22"]

1. e4 c5 2. Nf3 d6 3. d4 cxd4 4. Nxd4 Nf6 5. Nc3 a6 6. Bg5 e6 7. f4 Qb6 8. Qd2
Nc6 9. Bxf6 gxf6 10. Nb3 Bd7 11. Be2 Rg8 12. Bh5 Rg7 13. O-O-O O-O-O 14. Rhf1
Na5 15. Nxa5 Qxa5 16. Bf3 Kb8 17. Qd4 Be7 18. Kb1 Rc8 19. f5 d5 20. exd5 e5 21.
Qe3 Bc5 22. Qe4 Bd6 23. Rd3 b5 24. Qe2 b4 25. Ne4 Qb6 26. Qf2 Qc7 27. Nxd6 Qxd6
28. Be2 Rg5 29. g4 h5 30. h4 Rgg8 31. gxh5 Rc5 32. Qf3 Bb5 33. Rd2 Bxe2 34.
Qxe2 a5 35. Qf3 Rc4 36. Rg2 Rgc8 37. Rh1 Rf4 38. Qd3 Rc5 39. h6 Rxd5 40. h7 1-0

[Event "DEM U18 2010"]
[Site "Oberhof GER"]
[Date "2010.05.24"]
[Round "3"]
[White "Schiffner, Kevin"]
[Black "Bart, Simon"]
[Result "0-1"]
[Termination "normal"]
[Board "13"]
[WhiteElo "1959"]
[BlackElo "1979"]
[PlyCount "76"]
[WhiteFideId "24674940"]
[BlackFideId "24637327"]
[EventCountry "GER"]
[EventRounds "9"]
[EventType "swiss"]
[EventDate "2010.05.22"]

1. d4 d5 2. c4 c6 3. Nf3 Nf6 4. Nc3 g6 5. cxd5 Nxd5 6. e3 Bg7 7. Bc4 Nb6 8. Bb3
O-O 9. O-O Bg4 10. h3 Bxf3 11. Qxf3 N8d7 12. Rd1 e6 13. e4 Qe7 14. Be3 Rac8 15.
Rd2 Qb4 16. Qe2 a5 17. Rc1 c5 18. d5 c4 19. dxe6 fxe6 20. Bd1 a4 21. a3 Qa5 22.
Qg4 Rce8 23. Rd6 Qe5 24. Rxb6 Nxb6 25. Bxb6 Bh6 26. Rc2 Qd6 27. Nxa4 Qc6 28. b3
Rf4 29. Rxc4 Rxg4 30. Rxc6 Rxe4 31. f3 Re1+ 32. Kf2 Rxd1 33. Rc7 Bf4 34. Rxb7
Rd2+ 35. Kf1 Rc8 36. Bc5 Rcd8 37. Bb4 Rc2 38. Nc3 Rc1+ 0-1

[Event "DEM U18 2010"]
[Site "Oberhof GER"]
[Date "2010.05.24"]
[Round "3"]
[White "Steinacker, Alex"]
[Black "Marx, Joschka"]
[Result "1/2-1/2"]
[Termination "normal"]
[Board "14"]
[WhiteElo "1879"]
[BlackElo "2029"]
[PlyCount "64"]
[WhiteFideId "24647195"]
[BlackFideId "24645869"]
[EventCountry "GER"]
[EventRounds "9"]
[EventType "swiss"]
[EventDate "2010.05.22"]

1. c4 c5 2. Nc3 Nf6 3. g3 d5 4. cxd5 Nxd5 5. Bg2 Nc7 6. Nf3 Nc6 7. O-O e5 8. b3
Be7 9. Bb2 f6 10. Rc1 Be6 11. d3 Qd7 12. Re1 O-O 13. a3 Rac8 14. Nd2 Na6 15.
Nc4 Rfd8 16. a4 Nab4 17. Ne4 Nd4 18. Bc3 Nd5 19. Bd2 b6 20. Rb1 Qc7 21. Nc3
Nxc3 22. Bxc3 Qb8 23. Rb2 a6 24. e3 Nc6 25. Rd2 b5 26. Na5 Nxa5 27. Bxa5 Rd7
28. d4 Bd8 29. Bxd8 Rcxd8 30. d5 Rd6 31. e4 Bd7 32. axb5 Qxb5 1/2-1/2

[Event "DEM U18 2010"]
[Site "Oberhof GER"]
[Date "2010.05.25"]
[Round "4"]
[White "Kachibadze, Georg"]
[Black "Jorczik, Julian"]
[Result "0-1"]
[Termination "normal"]
[Board "1"]
[BlackTitle "FM"]
[WhiteElo "2240"]
[BlackElo "2357"]
[PlyCount "172"]
[WhiteFideId "24640794"]
[BlackFideId "24611719"]
[EventCountry "GER"]
[EventRounds "9"]
[EventType "swiss"]
[EventDate "2010.05.22"]

1. e4 e6 2. d4 d5 3. Nc3 Nf6 4. e5 Nfd7 5. f4 c5 6. Nf3 Nc6 7. Be3 Be7 8. Qd2
O-O 9. Be2 b6 10. O-O f6 11. dxc5 fxe5 12. fxe5 Nxc5 13. Rad1 a6 14. b4 Nxb4
15. Nd4 Bd7 16. Rxf8+ Qxf8 17. Rf1 Qb8 18. Bg5 Qd8 19. Bxe7 Qxe7 20. Rb1 a5 21.
a3 Nc6 22. Rxb6 Nxe5 23. Qe3 Ng6 24. Bh5 Qd8 25. Rb1 Nf8 26. Rf1 Be8 27. Bg4
Qd6 28. Re1 Bf7 29. Ncb5 Qb6 30. Qe5 Ne4 31. Qc7 Rb8 32. Rf1 Nf6 33. Qxb6 Rxb6
34. Be2 e5 35. Nb3 a4 36. Nc5 Rc6 37. Nxa4 Rxc2 38. Bd3 Rd2 39. Nc5 e4 40. Bb1
e3 41. Nb3 Rb2 42. N5d4 Ne6 43. Bf5 Nxd4 44. Nxd4 Ra2 45. Re1 g6 46. Bc2 Rxa3
47. Bb3 Ne4 48. h3 Nd2 49. Rxe3 Ra1+ 50. Kf2 Ne4+ 51. Ke2 Rg1 52. g4 Rg2+ 53.
Ke1 Rg1+ 54. Ke2 Rg2+ 55. Ke1 Kg7 56. Bc2 Rg1+ 57. Ke2 Rg2+ 58. Kf1 Rd2 59.
Bxe4 Rxd4 60. Bd3 h6 61. Rf3 Ra4 62. Ke2 d4 63. Kd1 Bd5 64. Rf4 Bc4 65. Bxc4
Rxc4 66. Kd2 g5 67. Re4 Kf6 68. Kd3 Rc3+ 69. Kxd4 Rxh3 70. Kd5 Rd3+ 71. Kc4 Ra3
72. Kb4 Rd3 73. Kc4 Ra3 74. Kd5 Ra5+ 75. Kd4 Ra3 76. Kd5 Rd3+ 77. Kc4 Rd8 78.
Re1 Rd2 79. Kc3 Rf2 80. Re4 Kg6 81. Re6+ Rf6 82. Re8 Rf4 83. Re6+ Kg7 84. Kd3
Rxg4 85. Ke3 Rf4 86. Ra6 Rf6 0-1

[Event "DEM U18 2010"]
[Site "Oberhof GER"]
[Date "2010.05.25"]
[Round "4"]
[White "Strunski, Andreas"]
[Black "Kartsev, Alexandr"]
[Result "1-0"]
[Termination "normal"]
[Board "2"]
[WhiteTitle "FM"]
[WhiteElo "2378"]
[BlackElo "2082"]
[PlyCount "69"]
[WhiteFideId "24606073"]
[BlackFideId "24647110"]
[EventCountry "GER"]
[EventRounds "9"]
[EventType "swiss"]
[EventDate "2010.05.22"]

1. d4 f5 2. c4 Nf6 3. Nc3 d6 4. Nf3 g6 5. g3 Bg7 6. Bg2 O-O 7. O-O Qe8 8. d5 a5
9. Ne1 Na6 10. Nd3 Bd7 11. Rb1 Rb8 12. b3 e5 13. dxe6 Bxe6 14. Bb2 Bf7 15. Nb5
Ne4 16. Bxg7 Kxg7 17. Qe1 b6 18. Qc1 Qe7 19. e3 Rbe8 20. a3 c6 21. Nd4 c5 22.
Nb5 d5 23. cxd5 Bxd5 24. Nc3 Bb7 25. Nf4 Rd8 26. Nxe4 fxe4 27. Qc3+ Qf6 28.
Ne6+ Kf7 29. Nxd8+ Rxd8 30. Qc4+ Qe6 31. Rfd1 Rd5 32. Rxd5 Qxd5 33. Rd1 Qxc4
34. bxc4 Nb8 35. Rd8 1-0

[Event "DEM U18 2010"]
[Site "Oberhof GER"]
[Date "2010.05.25"]
[Round "4"]
[White "Kugler, Florian"]
[Black "Geske, Julian"]
[Result "1/2-1/2"]
[Termination "normal"]
[Board "3"]
[WhiteElo "2104"]
[BlackElo "2311"]
[PlyCount "49"]
[WhiteFideId "4633300"]
[BlackFideId "24605263"]
[EventCountry "GER"]
[EventRounds "9"]
[EventType "swiss"]
[EventDate "2010.05.22"]

1. e4 d5 2. exd5 Qxd5 3. Nf3 Bg4 4. Be2 Nc6 5. d4 O-O-O 6. Be3 Nh6 7. c3 Nf5 8.
Nbd2 e5 9. Nxe5 Qxg2 10. Bf1 Nxe5 11. Bxg2 Nd3+ 12. Kf1 Nxe3+ 13. fxe3 Bxd1 14.
Rxd1 Nxb2 15. Rb1 Ba3 16. Bxb7+ Kxb7 17. Nc4 Ka8 18. Nxa3 Rb8 19. Ke2 Rhe8 20.
Rhf1 f6 21. Rf5 c6 22. Ra5 Rb6 23. Rg1 g6 24. Rg4 Kb7 25. Rh4 1/2-1/2

[Event "DEM U18 2010"]
[Site "Oberhof GER"]
[Date "2010.05.25"]
[Round "4"]
[White "Hobusch, Alexander"]
[Black "Hirneise, Jens"]
[Result "1/2-1/2"]
[Termination "normal"]
[Board "4"]
[BlackTitle "FM"]
[WhiteElo "2132"]
[BlackElo "2294"]
[PlyCount "126"]
[WhiteFideId "24611387"]
[BlackFideId "24614734"]
[EventCountry "GER"]
[EventRounds "9"]
[EventType "swiss"]
[EventDate "2010.05.22"]

1. d4 Nf6 2. Nf3 g6 3. c4 Bg7 4. Nc3 O-O 5. e4 d6 6. Be2 e5 7. Be3 Ng4 8. Bg5
f6 9. Bc1 Nc6 10. d5 Nd4 11. h3 Nxe2 12. Qxe2 Nh6 13. Be3 Nf7 14. Nd2 f5 15. f3
Bh6 16. Bf2 c5 17. a3 a6 18. h4 b5 19. Be3 Bxe3 20. Qxe3 Bd7 21. a4 Kh8 22. Qd3
b4 23. Ne2 f4 24. b3 Rg8 25. O-O-O Qf6 26. Rdg1 Rg7 27. g4 fxg3 28. Rxg3 Rag8
29. Qe3 g5 30. hxg5 Rxg5 31. Rxg5 Nxg5 32. Qf2 Nh3 33. Qh2 Rg7 34. Kc2 Qg5 35.
Kd3 Kg8 36. Rf1 Qg2 37. Qxg2 Rxg2 38. Ke3 Kg7 39. f4 exf4+ 40. Nxf4 Nxf4 41.
Rxf4 Bg4 42. e5 dxe5 43. Rf1 h5 44. Ne4 h4 45. d6 h3 46. Nf6 Re2+ 47. Kd3 e4+
48. Nxe4 Rg2 49. Nf2 Bd7 50. Ne4 h2 51. Rh1 Bc6 52. Nxc5 Rf2 53. d7 Bxh1 54.
d8=Q Bf3 55. Qd4+ Kg6 56. Qxf2 h1=Q 57. Kd4 Kf5 58. Ke3 Kg4 59. Nd3 Qh6+ 60.
Kd4 Qd6+ 61. Ke3 Qh6+ 62. Kd4 Qd6+ 63. Ke3 Qh6+ 1/2-1/2

[Event "DEM U18 2010"]
[Site "Oberhof GER"]
[Date "2010.05.25"]
[Round "4"]
[White "Graf, Felix"]
[Black "Meißner, Felix"]
[Result "1-0"]
[Termination "normal"]
[Board "6"]
[WhiteElo "2300"]
[BlackElo "2138"]
[PlyCount "67"]
[WhiteFideId "24608904"]
[BlackFideId "24671827"]
[EventCountry "GER"]
[EventRounds "9"]
[EventType "swiss"]
[EventDate "2010.05.22"]

1. d4 Nf6 2. c4 g6 3. Nc3 Bg7 4. Nf3 O-O 5. Bg5 d6 6. e3 c6 7. Be2 Bf5 8. Nd2
e5 9. d5 Na6 10. e4 Bd7 11. a3 c5 12. g4 Qe8 13. h4 h6 14. Be3 Nh7 15. Nf1 f5
16. gxf5 gxf5 17. exf5 Bxf5 18. Ng3 Qg6 19. h5 Qf6 20. Nce4 Bxe4 21. Nxe4 Qe7
22. Qd2 Rf4 23. Bxf4 exf4 24. Qxf4 Re8 25. f3 Bxb2 26. Ra2 Qg7 27. Kf1 Bd4 28.
Bd1 Ng5 29. Nxg5 hxg5 30. Qxd6 Kh8 31. Qg6 Qf8 32. Kg2 Re7 33. Re2 Be5 34. Re4
1-0

[Event "DEM U18 2010"]
[Site "Oberhof GER"]
[Date "2010.05.25"]
[Round "4"]
[White "Nuber, Blasius"]
[Black "Schmitt, Philipp"]
[Result "1/2-1/2"]
[Termination "normal"]
[Board "8"]
[WhiteElo "2199"]
[BlackElo "2097"]
[PlyCount "89"]
[WhiteFideId "24620289"]
[BlackFideId "24641766"]
[EventCountry "GER"]
[EventRounds "9"]
[EventType "swiss"]
[EventDate "2010.05.22"]

1. e4 e6 2. d4 d5 3. Nd2 dxe4 4. Nxe4 Nf6 5. Bd3 Nbd7 6. Nf3 Nxe4 7. Bxe4 Nf6
8. Bd3 Be7 9. Qe2 c5 10. c3 O-O 11. Bg5 Bd7 12. O-O Nd5 13. Bxe7 Qxe7 14. Qe4
Nf6 15. Qxb7 Rfb8 16. Qc7 Nd5 17. Qxc5 Qxc5 18. dxc5 Rxb2 19. Ne5 Ba4 20. Rfb1
Rab8 21. c4 Nf4 22. Rxb2 Rxb2 23. Be4 f6 24. Nd3 Nxd3 25. Bxd3 Kf7 26. Kf1 Rd2
27. Be2 Ke7 28. Ke1 Rb2 29. Bd3 f5 30. g4 Kf6 31. gxf5 exf5 32. Be2 Ke5 33. Bf3
Rc2 34. Bd5 Rb2 35. f4+ Kxf4 36. c6 Rb8 37. Kd2 Rc8 38. Rf1+ Kg5 39. Be6 Rxc6
40. Bxf5 Rxc4 41. Bxh7 Rh4 42. Bd3 Rxh2+ 43. Kc3 Be8 44. Rf5+ Kg4 45. Re5
1/2-1/2